Statistiques concernant Podiums du joueur africain de l'année

Cliquez ici pour prendre le quiz!

Statistiques générales

  • Ce quiz a été pris 70 fois
  • Le résultat moyen est 21 sur 44

Statistiques - réponses

Année Premier Deuxième Troisième % Correct
2017EgypteMohamed SalahSénégalSadio ManéGabonPierre-Emerick Aubameyang
98%
2006Côte d'IvoireDidier DrogbaCamerounSamuel Eto'oGhanaMichael Essien
97%
2003CamerounSamuel Eto'oCôte d'IvoireDidier DrogbaNigeriaJay-Jay Okocha
95%
1995LiberiaGeorge WeahNigeriaEmmanuel AmunikeNigeriaDaniel Amokachi
87%
2015GabonPierre-Emerick AubameyangCôte d'IvoireYaya TouréGhanaAndré Ayew
85%
Sadio Mané
82%
2016AlgérieRiyad MahrezGabonPierre-Emerick AubameyangSénégalSadio Mané
82%
2011Côte d'IvoireYaya TouréMaliSeydou KeitaGhanaAndré Ayew
79%
2008TogoEmmanuel AdebayorEgypteMohamed AboutrikaGhanaMichael Essien
66%
Jay-Jay Okocha
50%
Michael Essien
48%
Asamoah Gyan
47%
2001SénégalEl Hadji DioufGhanaSamuel KuffourCamerounSamuel Eto'o
47%
André Ayew
45%
1992GhanaAbedi Pelé
37%
1996NigeriaNwankwo KanuLiberiaGeorge WeahNigeriaDaniel Amokachi
35%
John Obi Mikel
35%
Seydou Keita
32%
2007MaliFrédéric KanoutéGhanaMichael EssienCôte d'IvoireDidier Drogba
26%
Alex Song
24%
1998MarocMustapha HadjiNigeriaJay-Jay OkochaNigeriaSunday Oliseh
24%
Mido
18%
Taribo West
18%
Daniel Amokachi
16%
2000CamerounPatrick M'BomaCamerounLaurenCamerounSamuel Eto'o
15%
Japhet N'Doram
15%
1997NigeriaVictor IkpebaTchadJaphet N'DoramNigeriaTaribo West
13%
Vincent Enyeama
13%
Sunday Oliseh
10%
1993NigeriaRashidi Yekini
10%
1994NigeriaEmmanuel AmunikeLiberiaGeorge WeahNigeriaRashidi Yekini
10%
Samuel Kuffour
6%
Ibrahima Bakayoko
5%
Lauren
3%
Mohamed Aboutrika
2%

Distribution des résultats

Percentile par nombre de réponses

% des personnes avec chaque résultat

Votre développement - résultats

Vous n’avez pas pris ce quiz